| 000 | 01028nam a22002297a 4500 | ||
|---|---|---|---|
| 999 |
_c11856 _d11856 |
||
| 003 | AR-CdUCM | ||
| 008 | 190405b ||||| |||| 00| 0 spa d | ||
| 040 |
_aMUNICIPALIDAD PROVINCIAL DEL CUSCO _cBIBLIOTECA MUNICIPAL DEL CUSCO |
||
| 082 |
_a346 / _bS55 / 1853 |
||
| 100 |
_aSilva Santisteban, José _920605 |
||
| 245 |
_aDerecho peruano, parte civil : _bcompendio del curso dictado en el Colegio de Ciencias de esta ciudad / |
||
| 260 |
_aPiura : _bImpreso por Manuel Rubio, _c1853. |
||
| 300 |
_a176 páginas ; _c21 cm. |
||
| 500 | _aSe dedica al excelentísimo señor jeneral Don José Rufino Echenique, Presidente de la República bajo cuyos auspicios ha comenzado á verificarse la codificación nacional. | ||
| 505 | _aContenido: Estado natural -- Estado civil -- Modos originarios -- Contratos consensuales -- Contratos reales ... | ||
| 650 |
_aDerecho civil _97386 |
||
| 650 |
_aEstudio y enseñanza _92610 |
||
| 650 |
_aPerú _935 |
||
| 650 |
_aSiglo XIX. _9971 |
||
| 942 |
_2ddc _cLIBROS |
||
| 945 |
_aacv _d05/04/2019 |
||